<?xml version="1.0" encoding="UTF-8"?>
<marc:record xmlns:marc="http://www.loc.gov/MARC21/slim">
   <marc:leader>00000nam a2200000 a 4500</marc:leader>
   <marc:datafield ind1="1" ind2=" " tag="100">
      <marc:subfield code="a">Rösen, Claudia</marc:subfield>
      <marc:subfield code="4">aut</marc:subfield>
      <marc:subfield code="e">Verfasser/-in</marc:subfield>
   </marc:datafield>
   <marc:datafield ind1=" " ind2=" " tag="653">
      <marc:subfield code="a">Siebenschläfer</marc:subfield>
   </marc:datafield>
   <marc:datafield ind1=" " ind2=" " tag="653">
      <marc:subfield code="a">Eichhörnchen</marc:subfield>
   </marc:datafield>
   <marc:datafield ind1=" " ind2=" " tag="653">
      <marc:subfield code="a">Igel</marc:subfield>
   </marc:datafield>
   <marc:datafield ind1=" " ind2=" " tag="653">
      <marc:subfield code="a">Fledermäuse</marc:subfield>
   </marc:datafield>
   <marc:datafield ind1="0" ind2="0" tag="245">
      <marc:subfield code="a">Igel sucht Unterschlupf</marc:subfield>
   </marc:datafield>
   <marc:datafield ind1="0" ind2="0" tag="245">
      <marc:subfield code="b">so helfe ich Tieren über den Winter</marc:subfield>
   </marc:datafield>
   <marc:datafield ind1="0" ind2="0" tag="245">
      <marc:subfield code="c">Claudia Rösen</marc:subfield>
   </marc:datafield>
   <marc:datafield ind1=" " ind2="1" tag="264">
      <marc:subfield code="a">Stuttgart</marc:subfield>
      <marc:subfield code="b">Ulmer</marc:subfield>
      <marc:subfield code="c">2021</marc:subfield>
   </marc:datafield>
   <marc:datafield ind1="1" ind2=" " tag="520">
      <marc:subfield code="a">Ein Winterparadies für Tiere in Ihrem Garten! Hier erfahren Sie alles über nachhaltige und artgerechte Winterhilfe für Vögel, Igel, Eichhörnchen und andere sympathische Tiere. Zahlreiche Projekte wie ein Silo-Futterhäuschen für Vögel, ein Unterschlupf für Igel, Schlafplätze für Eichhörnchen, Siebenschläfer, Kröten oder Insekten lassen sich ganz einfach umsetzen. Was tun bei abgemagerten Igeln im Spätherbst? Wie füttere ich Vögel artgerecht? Was schmeckt wem? Das Buch ist gespickt mit Tipps, die Sie auch im kleinen Garten anwenden können. Dazu erhalten Sie spannende Infos zu den Überlebensstrategien der Tiere im Winter.</marc:subfield>
   </marc:datafield>
   <marc:datafield ind1=" " ind2=" " tag="020">
      <marc:subfield code="a">9783818614164</marc:subfield>
      <marc:subfield code="9">9783818614164</marc:subfield>
   </marc:datafield>
   <marc:datafield ind1=" " ind2=" " tag="020">
      <marc:subfield code="a">3818614164</marc:subfield>
      <marc:subfield code="9">3818614164</marc:subfield>
   </marc:datafield>
   <marc:datafield ind1=" " ind2=" " tag="300">
      <marc:subfield code="a">125 Seiten : zahlr. Ill.</marc:subfield>
   </marc:datafield>
</marc:record>
